<?xml version="1.0" encoding="UTF-8"?>
<marc:record xmlns:marc="http://www.loc.gov/MARC21/slim">
   <marc:leader>00000nam a2200000 a 4500</marc:leader>
   <marc:datafield ind1="1" ind2=" " tag="100">
      <marc:subfield code="a">Schirach, Ferdinand von</marc:subfield>
      <marc:subfield code="4">aut</marc:subfield>
      <marc:subfield code="e">Verfasser/-in</marc:subfield>
   </marc:datafield>
   <marc:datafield ind1="0" ind2="0" tag="245">
      <marc:subfield code="a">Der stille Freund</marc:subfield>
   </marc:datafield>
   <marc:datafield ind1="0" ind2="0" tag="245">
      <marc:subfield code="c">Ferdinand von Schirach</marc:subfield>
   </marc:datafield>
   <marc:datafield ind1=" " ind2="1" tag="264">
      <marc:subfield code="a">München</marc:subfield>
      <marc:subfield code="b">Luchterhand</marc:subfield>
      <marc:subfield code="c">2025</marc:subfield>
   </marc:datafield>
   <marc:datafield ind1="1" ind2=" " tag="520">
      <marc:subfield code="a">Quelle: bn.bibliotheksnachrichten (http://www.biblio.at/literatur/bn/index.html); #Autor: Fritz Popp; #Scheitern oder gelingen: von Lebensläufen und Irrläufern. (BO)#Vierzehn sehr unterschiedliche Texte versammelt der Band, thematisch gibt es keinen Zusammenhang, jeder Text steht für sich selbst. Autobiografische Erzählungen wechseln sich ab mit Kurzporträts, Anekdoten und essayartigen Texten. Geschichten über und von Freunden und das Wiedersehen mit ihnen nach Jahrzehnten dokumentieren auch die internationalen Beziehungen des Autors. Südafrika, Spanien, Italien und Deutschland sind Schauplätze. Vornehmlich im Upper-Class-Ambiente. Zufälle, überraschende Wendungen und interessante Begegnungen spielen immer wieder eine Rolle. Ganz anders die eher historischen Erzählungen  etwa über den Tennisspieler Gottfried Cramm, den Hamas-Überfall 2023 oder über den Prozess gegen Adolf Loos. Hier dominiert eine faktengetreue, klare Erzählform. Schuld, Gerechtigkeit und Rache gehören zu den Leitthemen, aber auch die Darstellung überraschender Wendungen und unvorhersehbarer Entwicklungen. Und manchmal geht es auch um das temporäre Glück, eine plötzliche Erkenntnis, das Gelingen eines Lebens. In den seltensten Fällen wird geurteilt oder doziert, nur in Ausnahmefällen moralisch gedeutet.  Leser*innenfreundliche Texte mit Erkenntnisgewinn. Niveauvoll, stilistisch präzise und klug. Sehr gerne empfohlen.</marc:subfield>
   </marc:datafield>
   <marc:datafield ind1=" " ind2=" " tag="020">
      <marc:subfield code="a">9783630878126</marc:subfield>
      <marc:subfield code="9">9783630878126</marc:subfield>
   </marc:datafield>
   <marc:datafield ind1=" " ind2=" " tag="041">
      <marc:subfield code="a">ger</marc:subfield>
   </marc:datafield>
   <marc:datafield ind1=" " ind2=" " tag="300">
      <marc:subfield code="a">171 Seiten</marc:subfield>
   </marc:datafield>
</marc:record>
